Top 10 North Korean cities by population - Statistics

General Stats
  • This quiz has been taken 89 times
  • The average score is 3 of 10
Answer Stats
Hint Answer % Correct
3,255,288 Pyongyang
100%
768,551 Hamhung
48%
363,127 Wonsan
46%
308,440 Kaesong
36%
627,000 Chongjin
35%
366,815 Nampo
31%
307,764 Sariwon
15%
319,554 Kaechon
6%
345,875 Tanchon
4%
359,341 Shiniju
1%
No matching quizzes found
Score Distribution
Percent of People with Each Score
Percentile by Number Answered
Your Score History
You have not taken this quiz